Statistics for Mammals by Picture #4

Click here to take the quiz!

General Stats

  • This quiz has been taken 25,331 times
  • The average score is 12 of 18

Answer Stats

Answer% Correct
Kangaroo
98%
Squirrel
98%
Cheetah
94%
Leopard
90%
Giant Anteater
86%
Porcupine
83%
Guinea Pig
81%
Red Panda
77%
Warthog
72%
Reindeer
71%
Coyote
68%
Naked Mole-Rat
58%
{Sun} Bear
45%
Ibex
37%
Mandrill
33%
Sugar Glider
30%
Japanese {Macaque}
27%
Gaur
8%

Score Distribution

Percentile by Number Answered

Percent of People with Each Score

Your Score History

You have not taken this quiz